|
|
|
|
| LEADER |
03183nam a2200733 i 4500 |
| 001 |
nkc20172888540 |
| 003 |
CZ PrNK |
| 005 |
20220816235010.0 |
| 007 |
ta |
| 008 |
170419s2017 xr abche 000 0bcze |
| 015 |
|
|
|a cnb002888540
|
| 020 |
|
|
|a 978-80-88162-12-4
|q (brožováno)
|
| 035 |
|
|
|a (OCoLC)987015677
|
| 040 |
|
|
|a ABA001
|b cze
|e rda
|
| 043 |
|
|
|a e-xr---
|a e-cs---
|a e-gx---
|
| 045 |
|
|
|a x4x4
|
| 072 |
|
7 |
|a 323
|x Vnitropolitický vývoj, politický život
|2 Konspekt
|9 15
|
| 072 |
|
7 |
|a 929
|x Biografie
|2 Konspekt
|9 8
|
| 080 |
|
|
|a 329.17-051
|2 MRF
|
| 080 |
|
|
|a 341.212-051
|2 MRF
|
| 080 |
|
|
|a 929
|2 MRF
|
| 080 |
|
|
|a 94(437.311)"1942"
|2 MRF
|
| 080 |
|
|
|a 355.469.3(437)"1941/1942"
|2 MRF
|
| 080 |
|
|
|a 323.25/.26:329.18
|2 MRF
|
| 080 |
|
|
|a (437)
|2 MRF
|
| 080 |
|
|
|a (437.3)
|2 MRF
|
| 080 |
|
|
|a (430)
|2 MRF
|
| 080 |
|
|
|a (0:82-96)
|2 MRF
|
| 100 |
1 |
|
|a Svitáková, Jindra,
|d 1957-
|7 mzk2010577025
|4 aut
|
| 245 |
1 |
0 |
|a Operace Anthropoid :
|b nejvýznamnější odbojový čin 2. světové války /
|c Jindra Svitáková
|
| 250 |
|
|
|a Vydání: 2. upravené a rozšířené, v Centru české historie vydání 1., upravené a rozšířené
|
| 264 |
|
1 |
|a [Praha] :
|b Centrum české historie, o.p.s.,
|c 2017
|
| 300 |
|
|
|a 55 stran :
|b ilustrace, mapy, portréty, faksimile ;
|c 30 cm
|
| 336 |
|
|
|a text
|b txt
|2 rdacontent
|
| 336 |
|
|
|a statický obraz
|b sti
|2 rdacontent
|
| 337 |
|
|
|a bez média
|b n
|2 rdamedia
|
| 338 |
|
|
|a svazek
|b nc
|2 rdacarrier
|
| 500 |
|
|
|a "Rozšířené vydání"
|
| 500 |
|
|
|a "Na motivy knižní trilogie Jaroslava Čvančary Někomu život - někomu smrt"
|
| 600 |
1 |
7 |
|a Heydrich, Reinhard,
|d 1904-1942
|7 jn20000700709
|2 czenas
|
| 648 |
|
7 |
|a 1942
|7 ch967356
|2 czenas
|
| 648 |
|
7 |
|a 1939-1945
|7 ch460653
|2 czenas
|
| 650 |
0 |
7 |
|a nacisté
|7 ph123153
|z Německo
|y 20. století
|2 czenas
|
| 650 |
0 |
7 |
|a protektoři
|7 ph902051
|z Česko
|y 1939-1945
|2 czenas
|
| 650 |
0 |
7 |
|a atentát na Heydricha (1942 : Praha, Česko)
|7 ph567498
|2 czenas
|
| 650 |
0 |
7 |
|a operace Anthropoid (1941-1942)
|7 ph685867
|2 czenas
|
| 650 |
0 |
7 |
|a protifašistický odboj
|7 ph115901
|z Československo
|y 1939-1945
|2 czenas
|
| 650 |
0 |
9 |
|a Nazis
|z Germany
|y 20th century
|2 eczenas
|
| 650 |
0 |
9 |
|a protectors
|z Czechia
|y 1939-1945
|2 eczenas
|
| 650 |
0 |
9 |
|a assassination of Reinhard Heydrich (1942 : Prague, Czechia)
|2 eczenas
|
| 650 |
0 |
9 |
|a Operation Anthropoid (1941-1942)
|2 eczenas
|
| 650 |
0 |
9 |
|a anti-fascist movements
|z Czechoslovakia
|y 1939-1945
|2 eczenas
|
| 651 |
|
7 |
|a Protektorát Čechy a Morava (1939-1945)
|7 ge137396
|2 czenas
|
| 651 |
|
9 |
|a Bohemia and Moravia (Protectorate, 1939-1945)
|2 eczenas
|
| 655 |
|
7 |
|a literatura faktu
|7 fd132773
|2 czenas
|
| 655 |
|
9 |
|a non-fiction
|2 eczenas
|
| 700 |
1 |
2 |
|a Čvančara, Jaroslav,
|d 1948-
|t Někomu život, někomu smrt
|
| 856 |
4 |
1 |
|u http://www.digitalniknihovna.cz/mzk/uuid/uuid:26ead370-903d-11ea-830f-005056827e51
|y Digitalizovaný dokument
|x NDK
|
| 910 |
2 |
|
|a BOA001
|b 4-1387.447
|
| 990 |
|
|
|a BK
|
| 995 |
|
|
|a 01
|
| 991 |
|
|
|b 201705
|c NOV
|
| 996 |
6 |
|
|b 2610706026
|c 4-1387.447
|l MZK
|r Sklad / do 1 hodiny
|n 4
|p p.v.
|w 001609927
|u 000010
|a 1
|e BOA001
|j MZK50
|s P
|
| 996 |
7 |
|
|b 2610731957
|c 4-1387.447
|l MZK
|r Sklad / do 1 hodiny
|n 7
|p dar
|w 001609927
|u 000020
|a 1
|e BOA001
|j MZK50
|s A
|